Os 15 principais países com mortes por Covid19 - 4 de agosto 2021 - Statistics

Estatísticas Gerais
  • Esse quiz foi jogado 9 vezes
  • A pontuação média é 17 de 25
Estatísticas das Respostas
país % Correto
Brasil
100%
Estados Unidos
100%
França
100%
Índia
100%
Itália
100%
Rússia
100%
Alemanha
88%
Espanha
88%
México
88%
Argentina
75%
Indonésia
75%
Reino Unido
75%
Croácia
63%
Bélgica
50%
Bósnia e Herzegovina
50%
Bulgária
50%
Chéquia
50%
Colômbia
50%
Eslováquia
50%
Eslovénia
50%
Hungria
50%
Peru
50%
Irão
38%
Macedónia do Norte
25%
Paraguai
13%
Nenhum quiz correspondente encontrado
Distribuição das Pontuações
Porcentagem de Pessoas com Cada Pontuação
Percentil de Números Respondidos
Sua Pontuação Histórica
Você não jogou esse quiz